000 00540nam a2200145Ia 4500
008 100204s9999 xx 000 0 und d
082 _b14690
100 _aगोखले गो. सी.
245 _aज्ञानसागरांतील शिंपले
260 _b"नितिन प्रकाशन , पुणे"
_c1989
300 _a208
630 _aज्ञानसागरांतील शिंपले
730 _aज्ञानसागरांतील शिंपले
942 _cBOOK
999 _c459121
_d459118